[Event "ch-RUS Blitz 2016"]
[Site "Sochi RUS"]
[Date "2016.10.04"]
[Round "13.16"]
[White "Potapov, Pavel"]
[Black "Riazantsev, Alexander"]
[Result "0-1"]
[WhiteTitle "GM"]
[BlackTitle "GM"]
[WhiteElo "2493"]
[BlackElo "2651"]
[WhiteFideId "4169786"]
[BlackFideId "4125029"]
[EventDate "2016.10.04"]

1. d4 Nf6 2. c4 c5 3. d5 e5 4. Nc3 d6 5. g3 Be7 6. Bg2 Nbd7 7. e4 h5 8. h4 Nf8
9. Nf3 Ng6 10. a3 Bg4 11. Qa4+ Bd7 12. Qc2 Rc8 13. Qd3 b6 14. O-O O-O 15. Bd2
Bg4 16. Nh2 Bd7 17. Bf3 Bh3 18. Rfe1 Qd7 19. Qe2 Ng4 20. Nxg4 hxg4 21. Bg2 Bxg2
22. Kxg2 Bxh4 23. gxh4 Nxh4+ 24. Kg3 Nf3 25. Rh1 f5 26. exf5 Qxf5 27. Ne4 Qg6
28. Kg2 Rc7 29. Ng3 Rcf7 30. Qe4 Qxe4 31. Nxe4 Nxd2 32. Nxd6 Rxf2+ 33. Kg3 R8f4
34. Rae1 e4 35. Kh4 Nf3+ 36. Kg3 Nxe1 37. Rxe1 R2f3+ 38. Kh4 e3 39. Kg5 g3 40.
Nc8 g2 41. d6 Rf1 0-1

[Event "ch-RUS Blitz 2016"]
[Site "Sochi RUS"]
[Date "2016.10.04"]
[Round "13.17"]
[White "Tekeyev, Zaur"]
[Black "Paravyan, David"]
[Result "0-1"]
[WhiteTitle "FM"]
[BlackTitle "IM"]
[WhiteElo "2357"]
[BlackElo "2528"]
[WhiteFideId "4199731"]
[BlackFideId "4194985"]
[EventDate "2016.10.04"]

1. e4 e5 2. Nf3 Nc6 3. Bc4 Bc5 4. d3 Nf6 5. O-O O-O 6. h3 a6 7. c3 Ba7 8. Bb3 d6
9. Re1 Re8 10. Nbd2 Be6 11. Nf1 h6 12. Be3 d5 13. Bxa7 Rxa7 14. exd5 Bxd5 15.
Ne3 Bxb3 16. axb3 Ra8 17. Nc4 Qd5 18. Re3 Rad8 19. Qe2 e4 20. dxe4 Rxe4 21. Rxe4
Nxe4 22. Re1 Nc5 23. Qc2 b5 24. Ncd2 Nd3 25. Re3 Nce5 26. Nxe5 Nxe5 27. Nf1 Nd3
28. b4 f5 29. Qe2 Kh7 30. Re8 Nf4 31. Qf3 Qxf3 0-1

[Event "ch-RUS Blitz 2016"]
[Site "Sochi RUS"]
[Date "2016.10.04"]
[Round "13.18"]
[White "Oganian, Miran"]
[Black "Golubov, Saveliy"]
[Result "0-1"]
[WhiteTitle "IM"]
[BlackTitle "IM"]
[WhiteElo "2450"]
[BlackElo "2481"]
[WhiteFideId "4122488"]
[BlackFideId "24176729"]
[EventDate "2016.10.04"]

1. d4 Nf6 2. c4 g6 3. Nc3 Bg7 4. e4 O-O 5. Nf3 d6 6. Be2 e5 7. Be3 Ng4 8. Bg5 f6
9. Bh4 Nc6 10. d5 Ne7 11. Nd2 Nh6 12. O-O c5 13. Rb1 f5 14. f3 Nf7 15. b4 b6 16.
bxc5 bxc5 17. Qa4 Bh6 18. Rfd1 Be3+ 19. Kh1 g5 20. Be1 g4 21. exf5 Bxf5 22. Nce4
gxf3 23. Bxf3 Ng5 24. Nxg5 Bxg5 25. Ne4 Bxe4 0-1

[Event "ch-RUS Blitz 2016"]
[Site "Sochi RUS"]
[Date "2016.10.04"]
[Round "13.19"]
[White "Afanasiev, Nikita"]
[Black "Tregubov, Pavel V."]
[Result "1-0"]
[WhiteTitle "FM"]
[BlackTitle "GM"]
[WhiteElo "2280"]
[BlackElo "2586"]
[WhiteFideId "24183555"]
[BlackFideId "4115341"]
[EventDate "2016.10.04"]

1. d4 Nf6 2. Bf4 d5 3. Nd2 Bf5 4. e3 e6 5. Bd3 Bxd3 6. cxd3 Bd6 7. Bg5 h6 8. Bh4
Nbd7 9. Ngf3 O-O 10. O-O e5 11. dxe5 Nxe5 12. Qb3 Rb8 13. Bxf6 Qxf6 14. Qxd5
Nxf3+ 15. Nxf3 Qxb2 16. Rab1 Qa3 17. d4 c6 18. Qc4 Qa5 19. Rfc1 Rfe8 20. h3 Re7
21. Rc2 a6 22. Qd3 Qd5 23. Nd2 c5 24. Qc4 Qf5 25. dxc5 Rc7 26. Qe4 Rxc5 27. Rxc5
Qxc5 28. Rxb7 Rxb7 29. Qxb7 Qc1+ 30. Nf1 Qa3 31. Qd5 g6 32. g3 Bf8 33. Kg2 Qb2
34. Nd2 Bg7 35. Ne4 Qa3 36. Nd6 Kh7 37. Nxf7 Qe7 38. Nd6 Qd7 39. e4 Qa4 40. Nb7
Qe8 41. Nc5 a5 42. Ne6 Bc3 43. Qc4 Be5 44. h4 Qe7 45. Qd5 Bc3 46. h5 gxh5 47.
Qf5+ Kg8 48. Qg6+ Kh8 49. Qxh6+ Kg8 50. Qg6+ Kh8 51. Qxh5+ Kg8 52. Qg6+ Kh8 53.
Ng5 Bg7 54. Qh7# 1-0

[Event "ch-RUS Blitz 2016"]
[Site "Sochi RUS"]
[Date "2016.10.04"]
[Round "13.20"]
[White "Levin, Evgeny A."]
[Black "Potapov, Alexander1"]
[Result "1/2-1/2"]
[WhiteTitle "GM"]
[BlackTitle "GM"]
[WhiteElo "2505"]
[BlackElo "2402"]
[WhiteFideId "4182596"]
[BlackFideId "4115074"]
[EventDate "2016.10.04"]

1. d4 f5 2. Nc3 d5 3. Bg5 g6 4. Qd2 Bg7 5. h4 c6 6. O-O-O Be6 7. f3 Nd7 8. e4
dxe4 9. fxe4 fxe4 10. Nge2 Ndf6 11. Nf4 Bf5 12. Bc4 Qd6 13. d5 h6 14. Bxf6 Nxf6
15. dxc6 Qxd2+ 16. Rxd2 bxc6 17. Ne6 Bxe6 18. Bxe6 Rd8 19. Rhd1 Rxd2 20. Rxd2 e3
21. Re2 h5 22. Nd1 Bh6 23. Kb1 Rf8 24. c3 Nd5 25. Bxd5 1/2-1/2

[Event "ch-RUS Blitz 2016"]
[Site "Sochi RUS"]
[Date "2016.10.04"]
[Round "14.1"]
[White "Andreikin, Dmitry"]
[Black "Artemiev, Vladislav"]
[Result "1/2-1/2"]
[WhiteTitle "GM"]
[BlackTitle "GM"]
[WhiteElo "2736"]
[BlackElo "2663"]
[WhiteFideId "4158814"]
[BlackFideId "24101605"]
[EventDate "2016.10.04"]

1. e4 c5 2. Nf3 d6 3. c3 Nf6 4. h3 g6 5. Bd3 Bg7 6. Bc2 e5 7. d4 cxd4 8. cxd4
exd4 9. Nxd4 O-O 10. O-O Nc6 11. Be3 Re8 12. Nc3 d5 13. exd5 Nxd5 14. Nxd5 Nxd4
15. Bxd4 Qxd5 16. Bxg7 Qxd1 17. Rfxd1 Kxg7 18. Bb3 Be6 19. Bxe6 Rxe6 20. Rd7 Rb6
21. Rc1 Rxb2 22. Rcc7 Rf8 23. Rxb7 Rxa2 24. Rxa7 Rxa7 25. Rxa7 1/2-1/2

[Event "ch-RUS Blitz 2016"]
[Site "Sochi RUS"]
[Date "2016.10.04"]
[Round "14.2"]
[White "Savchenko, Boris"]
[Black "Ponkratov, Pavel"]
[Result "1-0"]
[WhiteTitle "GM"]
[BlackTitle "GM"]
[WhiteElo "2613"]
[BlackElo "2589"]
[WhiteFideId "4147332"]
[BlackFideId "4157800"]
[EventDate "2016.10.04"]

1. e4 e6 2. d4 d5 3. Nc3 Bb4 4. a3 Bxc3+ 5. bxc3 dxe4 6. Qg4 Nf6 7. Qxg7 Rg8 8.
Qh6 Rg6 9. Qh4 Rg4 10. Qh3 Rg6 11. Bb2 c5 12. Ne2 Qa5 13. O-O-O cxd4 14. cxd4
Bd7 15. d5 exd5 16. Qh4 Qb6 17. h3 Ba4 18. Nf4 Nbd7 19. Nxg6 fxg6 20. Rxd5 Rc8
21. Rd2 Qb3 22. c4 b5 23. Bxf6 Nc5 24. Qxh7 Qxa3+ 25. Kb1 Qb4+ 26. Rb2 Qe1+ 27.
Ka2 Bb3+ 28. Rxb3 Qd2+ 29. Bb2 Nxb3 30. Qg8+ Kd7 31. Qd5+ Qxd5 32. cxd5 1-0

[Event "ch-RUS Blitz 2016"]
[Site "Sochi RUS"]
[Date "2016.10.04"]
[Round "14.4"]
[White "Popov, Ivan RUS"]
[Black "Khairullin, Ildar"]
[Result "1-0"]
[WhiteTitle "GM"]
[BlackTitle "GM"]
[WhiteElo "2596"]
[BlackElo "2630"]
[WhiteFideId "4170350"]
[BlackFideId "4151348"]
[EventDate "2016.10.04"]

1. e4 e5 2. Nf3 Nc6 3. Bc4 Bc5 4. c3 Nf6 5. d3 d6 6. Bg5 h6 7. Bh4 a6 8. a4 Ba7
9. Nbd2 g5 10. Bg3 Bg4 11. h3 Bh5 12. b4 Ne7 13. Bh2 g4 14. hxg4 Bxg4 15. Qb3
Rh7 16. Bg3 Qd7 17. Bh4 Nfg8 18. d4 Ng6 19. dxe5 Nxe5 20. Nxe5 dxe5 21. f3 Bh5
22. O-O-O Bg6 23. Nf1 Qc6 24. Bd5 Qb6 25. a5 1-0

[Event "ch-RUS Blitz 2016"]
[Site "Sochi RUS"]
[Date "2016.10.04"]
[Round "14.5"]
[White "Khismatullin, Denis"]
[Black "Alekseev, Evgeny"]
[Result "1-0"]
[WhiteTitle "GM"]
[BlackTitle "GM"]
[WhiteElo "2617"]
[BlackElo "2636"]
[WhiteFideId "4142578"]
[BlackFideId "4138147"]
[EventDate "2016.10.04"]

1. d4 d5 2. Nf3 Nf6 3. c4 e6 4. e3 b6 5. cxd5 exd5 6. Bb5+ c6 7. Bd3 Bd6 8. O-O
O-O 9. b3 Bb7 10. Bb2 Nbd7 11. Nc3 Qe7 12. Rc1 Ne4 13. Qe2 b5 14. Rc2 f5 15.
Rfc1 Rf6 16. g3 Re8 17. Qf1 Rh6 18. Ne2 Ndf6 19. Ne5 Bxe5 20. dxe5 Ng4 21. Bxe4
Nxh2 22. Bg2 Nxf1 23. Kxf1 Rh2 24. f4 Rc8 25. Rc5 g6 26. Nd4 Qd8 27. Kg1 Rxg2+
28. Kxg2 Qa5 29. R1c2 Qxa2 30. e6 Qa5 31. Nxb5 Qd8 32. Nxa7 Rc7 33. Be5 Re7 34.
Nxc6 Bxc6 35. Rxc6 Re8 36. Rc7 d4 37. Rg7+ Kf8 38. Rd7 Qa8+ 39. Kh2 Rxe6 40.
Rxh7 Re8 41. Rcc7 Qa2+ 42. Kh3 1-0

[Event "ch-RUS Blitz 2016"]
[Site "Sochi RUS"]
[Date "2016.10.04"]
[Round "14.6"]
[White "Bocharov, Dmitry"]
[Black "Bologan, Victor"]
[Result "0-1"]
[WhiteTitle "GM"]
[BlackTitle "GM"]
[WhiteElo "2611"]
[BlackElo "2640"]
[WhiteFideId "4138716"]
[BlackFideId "13900048"]
[EventDate "2016.10.04"]

1. d4 Nf6 2. c4 e6 3. Nc3 Bb4 4. e3 O-O 5. Ne2 d5 6. a3 Bd6 7. c5 Be7 8. Nf4 c6
9. Be2 Nbd7 10. O-O b6 11. b4 a5 12. Bd2 Qc7 13. Rc1 axb4 14. axb4 bxc5 15. bxc5
e5 16. Nd3 Ba6 17. Nb4 Bxe2 18. Qxe2 Rfe8 19. Qf3 Bf8 20. Ra1 Qb7 21. Rab1 Qc8
22. h3 g6 23. Rfd1 Bg7 24. Ne2 Ne4 25. Be1 Ra3 26. Rd3 Ra4 27. Rdb3 Qa8 28. Nc3
Nxc3 29. Bxc3 exd4 30. exd4 Nf8 31. Qg3 Ne6 32. Qg4 h5 33. Qd1 Nf4 34. R3b2 Ra3
35. Rc1 Qc8 36. Nd3 Ne6 37. Ne1 Rxc3 38. Rxc3 Bxd4 39. Rbc2 Bxc3 40. Rxc3 Nf4
41. Rc2 Qe6 42. Nf3 Qe4 43. Kh2 Nd3 44. Qd2 Nf4 45. Rb2 Ne6 46. Rb6 d4 47. Rb7
Nxc5 48. Ra7 Qd5 49. Qf4 Nd3 50. Qh6 Qd6+ 51. g3 Qf6 52. Kg2 Rb8 53. Rc7 c5 54.
g4 Nf4+ 55. Kg3 Ne2+ 56. Kg2 Nf4+ 57. Kg3 h4+ 58. Qxh4 Qxh4+ 59. Nxh4 Ne6 60.
Rc6 Rb3+ 61. f3 d3 62. Ng2 d2 63. Rd6 Nd4 0-1

[Event "ch-RUS Blitz 2016"]
[Site "Sochi RUS"]
[Date "2016.10.04"]
[Round "14.7"]
[White "Romanov, Evgeny"]
[Black "Grachev, Boris"]
[Result "0-1"]
[WhiteTitle "GM"]
[BlackTitle "GM"]
[WhiteElo "2619"]
[BlackElo "2628"]
[WhiteFideId "4148843"]
[BlackFideId "4129199"]
[EventDate "2016.10.04"]

1. d4 d5 2. Nf3 Nf6 3. Bf4 e6 4. e3 c5 5. c3 Nc6 6. Nbd2 Bd6 7. Bg3 O-O 8. Bd3
b6 9. Qe2 Bb7 10. Rd1 h6 11. O-O Bxg3 12. hxg3 Qc7 13. dxc5 bxc5 14. e4 Rfe8 15.
Rfe1 Rad8 16. e5 Nh7 17. Bb1 Rb8 18. c4 Nf8 19. g4 Qe7 20. Qe3 Rbd8 21. g5 h5
22. cxd5 exd5 23. Nf1 d4 24. Qf4 Ng6 25. Qh2 c4 26. Be4 Nb4 27. Rxd4 Rxd4 28.
Nxd4 Nd3 29. Bxd3 cxd3 30. e6 fxe6 31. Rxe6 Qf7 32. Rxe8+ Qxe8 33. Qc7 Qe4 34.
Nf3 Bd5 35. Ne3 Kh7 36. Nxd5 Qxd5 37. Qc3 h4 0-1

[Event "ch-RUS Blitz 2016"]
[Site "Sochi RUS"]
[Date "2016.10.04"]
[Round "14.8"]
[White "Zakhartsov, Vladimir"]
[Black "Matlakov, Maxim"]
[Result "0-1"]
[WhiteTitle "IM"]
[BlackTitle "GM"]
[WhiteElo "2452"]
[BlackElo "2691"]
[WhiteFideId "4145097"]
[BlackFideId "4168003"]
[EventDate "2016.10.04"]

1. e4 c5 2. Nf3 e6 3. g3 Nc6 4. Bg2 Nf6 5. d3 d5 6. Nbd2 Be7 7. O-O O-O 8. e5
Nd7 9. Re1 b5 10. h4 Bb7 11. Nf1 b4 12. N1h2 Qc7 13. Bf4 Rfc8 14. Ng4 Qd8 15. h5
h6 16. Qd2 Bf8 17. c4 bxc3 18. bxc3 Rab8 19. Rab1 Ne7 20. Ne3 Ba8 21. c4 Nb6 22.
Qc2 Qd7 23. Rb5 a6 24. Rb3 Bc6 25. Qb2 Na4 26. Qa3 d4 27. Nd1 a5 28. Nb2 Nc3 29.
Nd1 Rxb3 30. axb3 Qb7 31. Nh4 Bxg2 32. Nxg2 Qf3 33. Nxc3 dxc3 34. Qc1 Qxd3 35.
Re3 Qf5 36. Qxc3 Qxh5 37. Rd3 Nc6 38. Be3 Nxe5 39. Nf4 Qf5 40. Rd1 g5 41. Ne2
Bg7 42. Qxa5 Nf3+ 43. Kg2 Qe4 44. Rd8+ Rxd8 45. Qxd8+ Kh7 46. Kf1 g4 47. Qd1 Nd4
48. Ng1 Nc2 49. Bxc5 Qf5 50. Qe2 Na1 51. b4 Nb3 52. Be3 Nd4 53. Qd1 Nc2 54. Bd2
Bd4 55. Qe2 h5 56. c5 h4 57. gxh4 g3 58. Kg2 gxf2 59. Nf3 Qg4+ 60. Kh2 Kh8 61.
c6 Ne1 62. Bxe1 fxe1=Q 63. Qxe1 Qxf3 64. c7 Qf4+ 65. Kh3 Qxc7 66. Qe4 Qe5 67.
Qa8+ Kg7 68. Qg2+ Kf6 0-1

[Event "ch-RUS Blitz 2016"]
[Site "Sochi RUS"]
[Date "2016.10.04"]
[Round "14.9"]
[White "Chigaev, Maksim"]
[Black "Dreev, Aleksey"]
[Result "1-0"]
[WhiteTitle "IM"]
[BlackTitle "GM"]
[WhiteElo "2551"]
[BlackElo "2660"]
[WhiteFideId "4108116"]
[BlackFideId "4100107"]
[EventDate "2016.10.04"]

1. e4 c6 2. d4 d5 3. Nc3 dxe4 4. Nxe4 Bf5 5. Ng3 Bg6 6. h4 h6 7. Nf3 Nd7 8. h5
Bh7 9. Bd3 Bxd3 10. Qxd3 e6 11. Bd2 Ngf6 12. O-O-O Be7 13. Ne4 Nxe4 14. Qxe4 Nf6
15. Qd3 c5 16. Qb5+ Qd7 17. Qxd7+ Nxd7 18. Be3 cxd4 19. Bxd4 Bf6 20. Rhe1 Ke7
21. Ne5 Bxe5 22. Bxe5 Nxe5 23. Rxe5 Rhd8 24. c4 Rd6 25. b3 Rad8 26. Rxd6 Kxd6
27. Re3 Ke7 28. Kc2 Rd4 29. g3 Rg4 30. Re5 Kd6 31. Ra5 a6 32. Kd3 f5 33. b4 f4
34. gxf4 Rxf4 35. b5 axb5 36. Rxb5 Kc6 37. Re5 Kd6 38. Rb5 Rxf2 39. Rxb7 Rxa2
40. Rxg7 Rh2 41. c5+ Kd5 42. c6 Rh3+ 43. Ke2 Rxh5 44. c7 Rh2+ 45. Kd3 Rh3+ 46.
Kc2 Rh2+ 47. Kb3 Rh3+ 48. Kb4 Rh4+ 49. Kb5 1-0

[Event "ch-RUS Blitz 2016"]
[Site "Sochi RUS"]
[Date "2016.10.04"]
[Round "14.10"]
[White "Rakhmanov, Aleksandr"]
[Black "Sychev, Klementy"]
[Result "1-0"]
[WhiteTitle "GM"]
[BlackTitle "IM"]
[WhiteElo "2662"]
[BlackElo "2445"]
[WhiteFideId "4173708"]
[BlackFideId "4114060"]
[EventDate "2016.10.04"]

1. c4 g6 2. Nc3 c5 3. g3 Bg7 4. Bg2 Nc6 5. d3 e6 6. e3 Nge7 7. Nge2 O-O 8. Nf4
b6 9. h4 h5 10. O-O Bb7 11. Ne4 d6 12. Ng5 Qd7 13. Nxh5 f6 14. Nxg7 fxg5 15.
Nxe6 Qxe6 16. hxg5 Qd7 17. b3 Nf5 18. Bd5+ Rf7 19. Bb2 Ne5 20. Bxf7+ Qxf7 21. e4
Nd4 22. f4 Nec6 23. Kg2 Re8 24. Qd2 a5 25. Rh1 Nb4 26. Bxd4 cxd4 27. Rae1 b5 28.
Rh4 bxc4 29. bxc4 Qg7 30. a3 Nc6 31. Reh1 Ba8 32. Qa2 Kf8 33. Rh8+ 1-0

[Event "ch-RUS Blitz 2016"]
[Site "Sochi RUS"]
[Date "2016.10.04"]
[Round "14.11"]
[White "Moskalenko, Alexander"]
[Black "Lugovskoy, Maxim"]
[Result "1-0"]
[WhiteTitle "IM"]
[BlackTitle "IM"]
[WhiteElo "2490"]
[BlackElo "2436"]
[WhiteFideId "4155351"]
[BlackFideId "24126454"]
[EventDate "2016.10.04"]

1. b3 Nf6 2. Bb2 g6 3. g3 Bg7 4. Bg2 O-O 5. Nf3 d5 6. c4 c6 7. O-O Bf5 8. d3
Nbd7 9. Nd4 e5 10. Nxf5 gxf5 11. cxd5 cxd5 12. d4 e4 13. e3 Re8 14. Bh3 Ng4 15.
Bxg4 fxg4 16. Qxg4 Re6 17. Nc3 Rg6 18. Qh3 Nf8 19. Rac1 Ne6 20. Qf5 Rg5 21. Qh3
Rg6 22. Kg2 Qg5 23. Kg1 Qd8 24. f4 exf3 25. Qf5 Ng5 26. Nxd5 Qd6 27. Nf4 Qf6 28.
Nxg6 Qxg6 29. Qxg6 fxg6 30. h4 f2+ 31. Kxf2 Ne4+ 32. Kg2 Bh6 33. Rc7 Bxe3 34.
Rff7 Bh6 35. Rxh7 Bf8 36. d5 1-0

[Event "ch-RUS Blitz 2016"]
[Site "Sochi RUS"]
[Date "2016.10.04"]
[Round "14.12"]
[White "Rozum, Ivan"]
[Black "Vitiugov, Nikita"]
[Result "0-1"]
[WhiteTitle "GM"]
[BlackTitle "GM"]
[WhiteElo "2590"]
[BlackElo "2721"]
[WhiteFideId "24104272"]
[BlackFideId "4152956"]
[EventDate "2016.10.04"]

1. d4 f5 2. g3 Nf6 3. Bg2 g6 4. c3 Bg7 5. Qb3 c6 6. h4 d5 7. Nh3 Qb6 8. Bf4 Be6
9. Nd2 Nbd7 10. Nf3 Bf7 11. Ne5 Nxe5 12. Bxe5 h6 13. Nf4 g5 14. Nd3 Qxb3 15.
axb3 a6 16. Nc5 O-O-O 17. Bh3 e6 18. Bf1 Nh5 19. Bxg7 Nxg7 20. Nd3 Kc7 21. Ne5
Bh5 22. e3 Ne8 23. hxg5 hxg5 24. Nf7 Bxf7 25. Rxh8 Nf6 26. Rxd8 Kxd8 27. Bd3 g4
28. Kd2 Ke7 29. Rh1 Bg8 30. c4 Bf7 31. Rh8 Bg8 32. Kc3 Kf7 33. Kb4 b6 34. Rh1
a5+ 35. Kc3 Ke7 36. c5 bxc5 37. dxc5 Nd7 38. b4 axb4+ 39. Kxb4 Ne5 40. Be2 Bf7
41. Ka5 Be8 42. b4 Kf6 43. Kb6 Ng6 44. Kc7 e5 45. Kd8 Bf7 46. b5 cxb5 47. c6 0-1

[Event "ch-RUS Blitz 2016"]
[Site "Sochi RUS"]
[Date "2016.10.04"]
[Round "14.13"]
[White "Morozevich, Alexander"]
[Black "Bryzgalin, Kirill"]
[Result "1-0"]
[WhiteTitle "GM"]
[BlackTitle "GM"]
[WhiteElo "2683"]
[BlackElo "2424"]
[WhiteFideId "4116992"]
[BlackFideId "4133285"]
[EventDate "2016.10.04"]

1. e4 e5 2. Nf3 Nc6 3. d4 exd4 4. Nxd4 d6 5. Nc3 Nf6 6. g3 Be7 7. Bg2 Bd7 8. O-O
O-O 9. Nf5 Bxf5 10. exf5 Re8 11. g4 Rb8 12. g5 Nd7 13. Qh5 g6 14. Qh4 Bf8 15.
Nd5 Re5 16. fxg6 hxg6 17. f4 Re2 18. f5 Nce5 19. fxg6 fxg6 20. Nf4 Rxg2+ 21.
Kxg2 Qe7 22. Bd2 Bg7 23. Rae1 c6 24. Nxg6 Qe6 25. Nf4 Qxa2 26. g6 Nf6 27. Bc3
Re8 28. Kg1 Qc4 29. Qh3 b5 30. Bxe5 dxe5 31. Ng2 Qd4+ 32. Kh1 e4 33. Ne3 Rf8 34.
Qe6+ Kh8 35. Rf4 Qc5 36. Rh4+ Nh5 37. Qg4 1-0

[Event "ch-RUS Blitz 2016"]
[Site "Sochi RUS"]
[Date "2016.10.04"]
[Round "14.14"]
[White "Yuffa, Daniil"]
[Black "Sakaev, Konstantin"]
[Result "1/2-1/2"]
[WhiteTitle "IM"]
[BlackTitle "GM"]
[WhiteElo "2534"]
[BlackElo "2594"]
[WhiteFideId "24131423"]
[BlackFideId "4104226"]
[EventDate "2016.10.04"]

1. d4 Nf6 2. c4 e6 3. g3 c5 4. d5 exd5 5. cxd5 d6 6. Nc3 g6 7. Bg2 Bg7 8. Nf3
O-O 9. O-O Nbd7 10. Bf4 Qe7 11. h3 Nh5 12. Bg5 f6 13. Bd2 f5 14. Re1 Ne5 15. e4
f4 16. g4 Nf6 17. Nxe5 Qxe5 18. Ne2 f3 19. Bxf3 Nxg4 20. Ng3 Nxf2 21. Kxf2 Bxh3
22. Bc3 Qg5 23. Bxg7 Kxg7 24. Re3 Rf7 25. Qh1 Bg4 26. Rf1 Raf8 27. Ke2 Qe5 28.
Bxg4 Qxb2+ 29. Ke1 Qc1+ 30. Ke2 Qc2+ 31. Ke1 Qc1+ 32. Ke2 Qc2+ 1/2-1/2

[Event "ch-RUS Blitz 2016"]
[Site "Sochi RUS"]
[Date "2016.10.04"]
[Round "14.15"]
[White "Nechaev, Oleg"]
[Black "Shaposhnikov, Evgeny"]
[Result "0-1"]
[WhiteTitle "FM"]
[BlackTitle "GM"]
[WhiteElo "2358"]
[BlackElo "2557"]
[WhiteFideId "24113409"]
[BlackFideId "4122232"]
[EventDate "2016.10.04"]

1. d4 Nf6 2. Bg5 Ne4 3. Bf4 d5 4. e3 Bf5 5. Bd3 e6 6. Nf3 c5 7. c3 Nc6 8. O-O
Be7 9. h3 O-O 10. Ne5 Nxe5 11. Bxe5 Qb6 12. Qe2 c4 13. Bxe4 Bxe4 14. Re1 f6 15.
Bg3 Bd3 16. Qd2 a5 17. Na3 a4 18. f3 Rfe8 19. Kh2 e5 20. dxe5 fxe5 21. e4 d4 22.
Rac1 dxc3 23. Qxc3 Bb4 24. Nxc4 Bxc3 25. Nxb6 Bxe1 26. Nxa8 Bxg3+ 27. Kxg3 Rxa8
28. Rc3 Bb1 29. a3 Ba2 30. Rc5 Re8 31. Rc7 b5 32. h4 Bc4 33. h5 Kf8 34. Kh4 Re7
35. Rc5 h6 36. g3 Ke8 37. Kg4 Kd7 38. Kf5 Rf7+ 39. Kg6 Rxf3 40. Kxg7 Rxg3+ 41.
Kxh6 Kd6 42. Rc8 Rg2 43. Rd8+ Kc5 44. Re8 Kd4 45. Kh7 Kxe4 46. h6 Bd3 47. Kh8
Kd4 48. Rd8+ Ke3 49. Re8 Kf4 50. Rf8+ Bf5 51. h7 Rh2 52. Rb8 Rxh7+ 53. Kg8 Bd3 0-1

[Event "ch-RUS Blitz 2016"]
[Site "Sochi RUS"]
[Date "2016.10.04"]
[Round "14.16"]
[White "Riazantsev, Alexander"]
[Black "Potapov, Pavel"]
[Result "1-0"]
[WhiteTitle "GM"]
[BlackTitle "GM"]
[WhiteElo "2651"]
[BlackElo "2493"]
[WhiteFideId "4125029"]
[BlackFideId "4169786"]
[EventDate "2016.10.04"]

1. Nf3 d5 2. g3 Bg4 3. Bg2 c6 4. c4 e6 5. O-O Nd7 6. cxd5 exd5 7. d3 Ngf6 8. h3
Bxf3 9. Bxf3 Bc5 10. Qc2 Qe7 11. Bg2 O-O 12. e3 Bd6 13. Nd2 h5 14. Nf3 Ne5 15.
Nxe5 Bxe5 16. Rb1 a5 17. b3 Bc7 18. Bb2 Rfe8 19. Rfe1 h4 20. g4 Qd6 21. f4 Bb6
22. Be5 Rxe5 23. fxe5 Qxe5 24. Qf2 Re8 25. Qxh4 Bxe3+ 26. Kh1 g5 27. Qh6 Re6 28.
Rxe3 Qxe3 29. Rf1 Ne4 1-0

[Event "ch-RUS Blitz 2016"]
[Site "Sochi RUS"]
[Date "2016.10.04"]
[Round "14.17"]
[White "Paravyan, David"]
[Black "Tekeyev, Zaur"]
[Result "0-1"]
[WhiteTitle "IM"]
[BlackTitle "FM"]
[WhiteElo "2528"]
[BlackElo "2357"]
[WhiteFideId "4194985"]
[BlackFideId "4199731"]
[EventDate "2016.10.04"]

1. d4 Nf6 2. c4 g6 3. Nc3 Bg7 4. e4 O-O 5. Nge2 d6 6. h3 c5 7. d5 b5 8. cxb5 a6
9. Ng3 Qa5 10. a4 h5 11. Bd3 axb5 12. Bxb5 h4 13. Ne2 Nxe4 14. O-O Nf6 15. Bg5
Qb4 16. Ra3 Ba6 17. Rb3 Qa5 18. Bxh4 Bxb5 19. Rxb5 Qc7 20. Re1 Na6 21. Nf4 Rfe8
22. Qe2 Qd7 23. Qc4 Nb4 24. Re2 Qf5 25. Ne4 Nfxd5 26. Nxd5 Qxd5 27. Nd2 Qxc4 28.
Nxc4 f6 29. b3 g5 30. Bg3 f5 31. h4 f4 32. Bh2 Nc6 33. Rb7 d5 34. Nb6 Rab8 35.
Rxb8 Rxb8 36. Nxd5 Rxb3 37. Re1 e6 38. Nc7 Nd4 39. hxg5 Be5 40. Na6 Bd6 41. a5
Ra3 42. Rd1 Rxa5 43. Nxc5 Bxc5 44. Kf1 e5 45. f3 Ra2 46. Bg1 Kf7 47. Rc1 Ra5 48.
Bf2 Kg6 49. g3 fxg3 50. Bxg3 Nxf3 51. Ke2 Nd4+ 52. Kd3 Kf5 53. Rf1+ Ke6 54. g6
Ra3+ 55. Kc4 Rxg3 56. Kxc5 Rxg6 57. Ra1 Kf5 58. Kd5 Ne6 59. Ra7 Nf4+ 60. Kc4 Re6
61. Kc3 Ke4 62. Kd2 Rd6+ 63. Ke1 Kf3 64. Ra3+ Rd3 65. Ra1 e4 66. Kf1 e3 67. Kg1
e2 68. Kh2 Nd5 69. Rg1 Rd1 70. Rg3+ Ke4 71. Rg4+ Nf4 72. Rg5 Rd2 0-1

[Event "ch-RUS Blitz 2016"]
[Site "Sochi RUS"]
[Date "2016.10.04"]
[Round "14.18"]
[White "Golubov, Saveliy"]
[Black "Oganian, Miran"]
[Result "1/2-1/2"]
[WhiteTitle "IM"]
[BlackTitle "IM"]
[WhiteElo "2481"]
[BlackElo "2450"]
[WhiteFideId "24176729"]
[BlackFideId "4122488"]
[EventDate "2016.10.04"]

1. Nc3 c5 2. d4 cxd4 3. Qxd4 Nc6 4. Qh4 d5 5. e3 Nf6 6. Nf3 Bf5 7. Bd3 Bxd3 8.
cxd3 e6 9. O-O Be7 10. Qa4 O-O 11. e4 a6 12. e5 Nd7 13. d4 b5 14. Qd1 Rc8 15. a4
Qb6 16. axb5 axb5 17. Qd3 b4 18. Na4 Qb7 19. Bg5 h6 20. Bxe7 Nxe7 21. Nd2 Nf5
22. Nb3 Rc7 23. Nac5 Nxc5 24. Nxc5 Qc8 25. Ra5 Qd8 26. g3 Qg5 27. f4 Qg4 28. Kg2
h5 29. h3 Qg6 30. Kh2 Rfc8 31. Rg1 Nxd4 32. Qxd4 Qc2+ 33. Rg2 Rxc5 34. Rxc2
Rxc2+ 35. Kg1 Rc1+ 36. Kf2 R8c2+ 37. Kf3 Rf1+ 38. Ke3 Re1+ 39. Kf3 1/2-1/2

[Event "ch-RUS Blitz 2016"]
[Site "Sochi RUS"]
[Date "2016.10.04"]
[Round "14.19"]
[White "Tregubov, Pavel V."]
[Black "Afanasiev, Nikita"]
[Result "0-1"]
[WhiteTitle "GM"]
[BlackTitle "FM"]
[WhiteElo "2586"]
[BlackElo "2280"]
[WhiteFideId "4115341"]
[BlackFideId "24183555"]
[EventDate "2016.10.04"]

1. d4 d6 2. Nf3 Bg4 3. e4 Nd7 4. h3 Bh5 5. Be2 Ngf6 6. Nc3 e5 7. O-O Be7 8. dxe5
dxe5 9. Nh4 Bg6 10. Nf5 Bxf5 11. exf5 O-O 12. Bf3 c6 13. Re1 Qc7 14. Qe2 Rfe8
15. Ne4 Nxe4 16. Bxe4 Nf6 17. Bd2 Bc5 18. Bc3 Qb6 19. Bd3 Bd4 20. Bxd4 Qxd4 21.
c3 Qb6 22. Bc4 e4 23. Rad1 Qc5 24. g4 h6 25. Bb3 Re7 26. Qe3 Qe5 27. Kg2 a5 28.
a4 Qc7 29. Rd2 Rae8 30. Red1 Nh7 31. Bc4 Ng5 32. Rd6 Nh7 33. h4 Qc8 34. Qf4 e3
35. f6 Nxf6 36. g5 Re4 37. Qf3 Qg4+ 38. Qxg4 Rxg4+ 39. Kf3 hxg5 40. hxg5 Rxg5
41. fxe3 Rge5 42. R6d3 g6 43. b4 Kg7 44. b5 Rc5 45. Rd4 Re7 46. bxc6 bxc6 47.
R1d3 Nh7 48. Bb3 Ng5+ 49. Ke2 Ne4 50. c4 Nf6 51. Rd6 Ng4 52. Rd7 Rce5 53. Rxe7
Rxe7 54. c5 Re5 55. Rc3 f5 56. Kd2 Nf6 57. Rc4 Rxc5 58. Rxc5 Ne4+ 0-1